|
|
|
|
| LEADER |
00000nam0a2200000 4500 |
| 001 |
155978 |
| 005 |
20231101221856.0 |
| 020 |
|
|
|a RU
|b 92-2606
|
| 035 |
|
|
|a (RuTPU)RU\TPU\book\169167
|
| 090 |
|
|
|a 155978
|
| 100 |
|
|
|a 20090320d1991 km a0rusy5003 ca
|
| 101 |
0 |
|
|a rus
|
| 102 |
|
|
|a RU
|
| 105 |
|
|
|a a z 001zy
|
| 200 |
1 |
|
|a Развитие теоретических основ металлургических процессов производства никеля, кобальта и меди
|e сборник научных трудов
|f Государственный проектный и научно-исследовательский институт никель-кобальтовой промышленности (Гипроникель) ; под ред. А. Г. Рябко
|
| 210 |
|
|
|a СПб.
|c Гипроникель
|d 1991
|
| 215 |
|
|
|a 200 с.
|c ил.
|
| 320 |
|
|
|a Библиография в конце статей
|
| 610 |
1 |
|
|a никель
|
| 610 |
1 |
|
|a металлургия
|
| 610 |
1 |
|
|a кобальт
|
| 610 |
1 |
|
|a медь
|
| 610 |
1 |
|
|a сборники
|
| 610 |
1 |
|
|a физико-химические основы
|
| 675 |
|
|
|a 669.2.02/.09
|v 3
|
| 675 |
|
|
|a 669.3
|v 3
|
| 702 |
|
1 |
|a Рябко
|b А. Г.
|4 340
|
| 712 |
0 |
2 |
|a Государственный проектный и научно-исследовательский институт никель-кобальтовой промышленности (Гипроникель)
|2 stltpush
|3 (RuTPU)RU\TPU\col\13629
|9 25734
|
| 801 |
|
0 |
|a RU
|b RuMRKP
|c 19950417
|g psbo
|
| 801 |
|
1 |
|a RU
|b 63413507
|c 20090320
|g PSBO
|
| 801 |
|
2 |
|a RU
|b 63413507
|c 20090728
|g PSBO
|
| 942 |
|
|
|c BK
|